000 00774cam a22001814a 4500
005 20250605164344.0
008 250528s ||||||||||||||||||||||||d
035 _a23791
040 _aGR-AtMCL
_bgre
_dGR-AtMCL
_eAACR2
245 1 _aHow Psychotherapists Experience Burnout/An Interpretative Phenomenological Analysis
260 _c2014
300 _a80
520 _aIntroduction, Literature Review, Origin and Definition of Burnout, Antecedents of Burnout, Preventive-Coping Strategies, Burnout and Psychotherapists, Methodology, Research Question, Sample, Data Collection, Data Analysis, Ethical Considerations, Results, Discussion, Conclusion, References, Appendices.
700 1 _aDrakouli Stratoniki
_99321
942 _cDS
999 _c8726
_d8726